[Event "7. Copenhagen Open Politiken Cup"]
[Site "Copenhagen"]
[Date "1985.??.??"]
[Round "4"]
[White "Andreasen, Per Naesby"]
[Black "Huenerkopf, Heinz"]
[Result "1/2-1/2"]
[WhiteElo "2260"]
[BlackElo "2305"]
[PlyCount "77"]
[EventDate "1985.??.??"]
[EventType "swiss"]
[EventRounds "10"]
[EventCountry "DEN"]
[SourceDate "2004.01.01"]

1. c4 Nf6 2. Nc3 e5 3. Nf3 Nc6 4. e4 Bb4 5. d3 O-O 6. Bg5 d6 7. Be2 Nd4 8. O-O
Bxc3 9. bxc3 Nxf3+ 10. Bxf3 h6 11. Be3 c6 12. d4 Qe7 13. d5 c5 14. Rb1 Qc7 15.
h3 Bd7 16. Qd2 a6 17. g4 Nh7 18. Be2 g5 19. Qb2 b5 20. cxb5 axb5 21. Bxb5 Bxb5
22. Qxb5 Rxa2 23. Qb6 Qxb6 24. Rxb6 Rd8 25. f3 Re2 26. Bf2 Rc2 27. Rfb1 Rxc3
28. Rb8 Rxb8 29. Rxb8+ Kg7 30. Kg2 Nf8 31. Rd8 Ng6 32. Bg3 Rd3 33. Rxd6 c4 34.
Rc6 c3 35. Kf2 Rd2+ 36. Ke1 Rd3 37. Ke2 Rd2+ 38. Ke1 Rd3 39. Ke2 1/2-1/2

[Event "7. Copenhagen Open Politiken Cup"]
[Site "Copenhagen"]
[Date "1985.??.??"]
[Round "4"]
[White "Bator, Robert"]
[Black "Jacobsen, Bo"]
[Result "1/2-1/2"]
[WhiteElo "2380"]
[BlackElo "2280"]
[PlyCount "81"]
[EventDate "1985.??.??"]
[EventType "swiss"]
[EventRounds "10"]
[EventCountry "DEN"]
[SourceDate "2004.01.01"]

1. e4 e5 2. Nf3 Nc6 3. Bb5 Nf6 4. O-O d6 5. Re1 Bd7 6. c3 Be7 7. d4 O-O 8. Nbd2
Nxd4 9. cxd4 Bxb5 10. Qb3 Ba6 11. dxe5 dxe5 12. Nxe5 Nd7 13. Nxd7 Qxd7 14. Nf3
Qb5 15. Qxb5 Bxb5 16. Bf4 Rac8 17. Nd4 Bd7 18. Rac1 c6 19. h3 Rfd8 20. g4 g6
21. Nf3 Be6 22. b3 Bb4 23. Re2 f6 24. Kg2 Rd3 25. Be3 a5 26. g5 f5 27. Ne5 Rdd8
28. Bb6 Re8 29. Nc4 fxe4 30. Nxa5 Bd5 31. Nc4 Rf8 32. Be3 Rf5 33. h4 Be6 34.
Rd1 Rff8 35. Rc2 Bg4 36. Rdc1 Rf5 37. Nd2 Rcf8 38. Kg3 Be2 39. Nxe4 Rf3+ 40.
Kg2 Bd3 41. Rc4 1/2-1/2

[Event "7. Copenhagen Open Politiken Cup"]
[Site "Copenhagen"]
[Date "1985.??.??"]
[Round "4"]
[White "Bator, Zbigniew"]
[Black "Fette, Martin"]
[Result "0-1"]
[WhiteElo "2315"]
[BlackElo "2290"]
[PlyCount "68"]
[EventDate "1985.??.??"]
[EventType "swiss"]
[EventRounds "10"]
[EventCountry "DEN"]
[SourceDate "2004.01.01"]

1. d4 g6 2. c4 Bg7 3. Nc3 d6 4. e4 e5 5. Nf3 exd4 6. Nxd4 Ne7 7. Be2 O-O 8. O-O
Nbc6 9. Nb3 f5 10. exf5 Bxf5 11. Bg5 Qd7 12. Qd2 Rae8 13. Rad1 Kh8 14. Nd5 Ng8
15. c5 Be6 16. Nc3 Bxb3 17. axb3 Nd4 18. b4 Nxe2+ 19. Nxe2 d5 20. Nc3 c6 21. b5
Nf6 22. Ra1 d4 23. Bxf6 Bxf6 24. Rxa7 Qc8 25. Na2 cxb5 26. Nb4 Qxc5 27. Rxb7
Bg5 28. f4 d3+ 29. Kh1 Rxf4 30. Rg1 Rxb4 31. Qxd3 Rxb2 32. h4 Bf4 33. Qf1 Qe3
34. Rf7 Qh3+ 0-1

[Event "7. Copenhagen Open Politiken Cup"]
[Site "Copenhagen"]
[Date "1985.??.??"]
[Round "4"]
[White "Bjarnason, Saevar"]
[Black "Hartung Nielsen, Jens"]
[Result "0-1"]
[WhiteElo "2355"]
[BlackElo "2245"]
[PlyCount "136"]
[EventDate "1985.??.??"]
[EventType "swiss"]
[EventRounds "10"]
[EventCountry "DEN"]
[SourceDate "2004.01.01"]

1. d4 Nf6 2. c4 e6 3. Nf3 d5 4. Nc3 c6 5. cxd5 exd5 6. Bg5 Bf5 7. Qb3 Qb6 8.
Bxf6 gxf6 9. Qxb6 axb6 10. Nh4 Be6 11. e3 b5 12. Bd3 Nd7 13. O-O Nb6 14. Rfc1
Nc4 15. b3 Nd6 16. a4 b4 17. Ne2 Ra5 18. Ng3 Be7 19. f3 O-O 20. Rab1 Rc8 21.
Rc5 Bd8 22. Nh5 Ra7 23. Rc2 f5 24. g3 Ra5 25. Rbc1 Bd7 26. Ng2 Be6 27. Ngf4 Ne8
28. Bf1 Nf6 29. Nxf6+ Bxf6 30. Nd3 Be7 31. Kf2 Kg7 32. Be2 Bd6 33. f4 Kf6 34.
h3 Bd7 35. Nc5 Rc7 36. g4 Be6 37. Kf3 Bxc5 38. Rxc5 Rxc5 39. dxc5 d4 40. gxf5
Bxb3 41. e4 Bxa4 42. Rc4 Rd7 43. e5+ Kxf5 44. Bd3+ Ke6 45. Rxb4 Bb5 46. Bc2 d3
47. Bb3+ Ke7 48. Ke3 d2 49. Bd1 Rd3+ 50. Ke4 Rxh3 51. Rd4 Rc3 52. f5 Rxc5 53.
f6+ Ke8 54. Rxd2 Rc4+ 55. Kf5 Rc3 56. Ke4 Bc4 57. Kd4 Rc1 58. Bg4 Bd5 59. Bf5
h5 60. Rd3 Rc4+ 61. Ke3 Rb4 62. Rd1 Rb3+ 63. Kd4 Rf3 64. Bc8 b6 65. Rg1 Kd8 66.
Rg8+ Kc7 67. Re8 h4 68. e6 fxe6 0-1

[Event "7. Copenhagen Open Politiken Cup"]
[Site "Copenhagen"]
[Date "1985.??.??"]
[Round "4"]
[White "Bjerring, Kai"]
[Black "Stein, Bernd"]
[Result "0-1"]
[WhiteElo "2315"]
[BlackElo "2380"]
[PlyCount "90"]
[EventDate "1985.??.??"]
[EventType "swiss"]
[EventRounds "10"]
[EventCountry "DEN"]
[SourceDate "2004.01.01"]

1. e4 c5 2. Nf3 e6 3. d4 cxd4 4. Nxd4 Nf6 5. Nc3 Nc6 6. a3 Be7 7. Be2 O-O 8.
O-O d6 9. Kh1 Bd7 10. Be3 Nxd4 11. Qxd4 Bc6 12. e5 dxe5 13. Qxe5 Bd6 14. Qg5
Qc7 15. Qh4 Rfd8 16. Rad1 a6 17. Bd3 Be7 18. Qg3 Qxg3 19. hxg3 b5 20. Be2 Rxd1
21. Rxd1 Rc8 22. g4 h6 23. g5 Nd5 24. Nxd5 Bxd5 25. gxh6 Rxc2 26. Bd3 Rxb2 27.
Bd4 Ra2 28. Bxg7 Bg5 29. Kg1 Rd2 30. Rxd2 Bxd2 31. f3 f5 32. Kf2 Bc6 33. g4 Bd7
34. Kg3 Bc1 35. f4 Bxa3 36. Kh4 Be7+ 37. g5 Kh7 38. Be2 Be8 39. Bh5 Bg6 40. Be2
Bc5 41. Be5 Be8 42. Bc7 Bf2+ 43. Kh3 Be1 44. Kg2 a5 45. Kf1 Bc3 0-1

[Event "7. Copenhagen Open Politiken Cup"]
[Site "Copenhagen"]
[Date "1985.??.??"]
[Round "4"]
[White "Bosboom, Manuel"]
[Black "Clausen, Steen"]
[Result "1/2-1/2"]
[WhiteElo "2380"]
[BlackElo "2285"]
[PlyCount "149"]
[EventDate "1985.??.??"]
[EventType "swiss"]
[EventRounds "10"]
[EventCountry "DEN"]
[SourceDate "2004.01.01"]

1. e4 d6 2. d4 Nf6 3. Nc3 g6 4. f4 Bg7 5. e5 dxe5 6. dxe5 Qxd1+ 7. Kxd1 Ng4 8.
Nd5 Kd8 9. Ke1 c6 10. Ne3 f6 11. Nf3 fxe5 12. Nxg4 Bxg4 13. Nxe5 Be6 14. Be3
Nd7 15. Rd1 Bxe5 16. fxe5 Rf8 17. g3 Kc7 18. Bg2 Nb6 19. b3 Bd5 20. Bxd5 Nxd5
21. Bd4 b5 22. Ke2 b4 23. a3 a5 24. Ra1 Kd7 25. Kd3 Rf3+ 26. Kc4 Rb8 27. Rhd1
Kc7 28. Rf1 Ne3+ 29. Bxe3 Rxe3 30. Kd4 Re2 31. axb4 axb4 32. Ra7+ Kb6 33. Kd3
Rxe5 34. Rd7 c5 35. Kd2 Kc6 36. Rd3 Rf5 37. Re1 Rf2+ 38. Re2 Rbf8 39. Rde3
Rxe2+ 40. Kxe2 Rf7 41. Rd3 e5 42. Rd8 e4 43. Ke3 Rf3+ 44. Kxe4 Rf2 45. Rc8+ Kd6
46. Rd8+ Kc7 47. Ra8 Rxh2 48. Kd3 Rg2 49. Ra7+ Kc6 50. Rxh7 Rxg3+ 51. Ke4 Rg2
52. Kd3 Kd5 53. Rd7+ Ke5 54. Re7+ Kf6 55. Rd7 Rg3+ 56. Ke4 Rc3 57. Rd2 g5 58.
Rf2+ Kg6 59. Rh2 c4 60. bxc4 Rxc4+ 61. Kd3 Rf4 62. Rh8 Kf5 63. Rb8 Kg4 64. Rb5
Kh4 65. Ke3 Rg4 66. Rb8 Rc4 67. Kd3 Rf4 68. Ke3 Kg3 69. Rb5 g4 70. Rb7 Rf3+ 71.
Ke2 Rf2+ 72. Kd3 Kh3 73. Rxb4 g3 74. Rb7 Rf4 75. Ke2 1/2-1/2

[Event "7. Copenhagen Open Politiken Cup"]
[Site "Copenhagen"]
[Date "1985.??.??"]
[Round "4"]
[White "Ernst, Thomas"]
[Black "Fridjonsson, Julius"]
[Result "1-0"]
[WhiteElo "2450"]
[BlackElo "2265"]
[PlyCount "97"]
[EventDate "1985.??.??"]
[EventType "swiss"]
[EventRounds "10"]
[EventCountry "DEN"]
[SourceDate "2004.01.01"]

1. e4 c6 2. d4 d5 3. Nd2 dxe4 4. Nxe4 Nf6 5. Nxf6+ gxf6 6. c3 Bf5 7. Nf3 Qc7 8.
g3 Nd7 9. Bg2 Bg7 10. O-O O-O 11. Re1 Rfe8 12. Bf4 Qb6 13. Qd2 Rad8 14. b4 Be6
15. Bh6 Bf5 16. Bxg7 Kxg7 17. Nh4 Bg6 18. f4 f5 19. Nf3 Bh5 20. Ne5 f6 21. Nc4
Qc7 22. Qc2 e6 23. a4 Re7 24. a5 Nf8 25. Nb2 Be8 26. Nd3 Bg6 27. Re3 Be8 28.
Bh3 Bf7 29. Rae1 Ree8 30. Bg2 Rd6 31. Nc5 Rdd8 32. Bf3 Re7 33. Bg2 Ree8 34. Bf1
Qc8 35. Bc4 a6 36. Qa2 Rd6 37. g4 fxg4 38. f5 Re7 39. Qf2 e5 40. dxe5 Rxe5 41.
Rxe5 fxe5 42. Ne4 Rd7 43. f6+ Kg8 44. Bxf7+ Kxf7 45. Qf5 Qc7 46. Qxg4 Ke8 47.
Nc5 Rf7 48. Rxe5+ Kd8 49. Qd4+ 1-0

[Event "7. Copenhagen Open Politiken Cup"]
[Site "Copenhagen"]
[Date "1985.??.??"]
[Round "4"]
[White "Fedder, Steen"]
[Black "Jacoby, Gisbert"]
[Result "1/2-1/2"]
[WhiteElo "2410"]
[BlackElo "2305"]
[PlyCount "26"]
[EventDate "1985.??.??"]
[EventType "swiss"]
[EventRounds "10"]
[EventCountry "DEN"]
[SourceDate "2004.01.01"]

1. d4 d5 2. c4 dxc4 3. Nf3 Nf6 4. Qa4+ c6 5. Qxc4 Bf5 6. g3 Nbd7 7. Bg2 e6 8.
O-O Be7 9. Nc3 O-O 10. Bf4 Nb6 11. Qb3 Nfd5 12. Bd2 Nxc3 13. Bxc3 Be4 1/2-1/2

[Event "7. Copenhagen Open Politiken Cup"]
[Site "Copenhagen"]
[Date "1985.??.??"]
[Round "4"]
[White "From, Sigfred"]
[Black "Norgaard, Jesper"]
[Result "1/2-1/2"]
[WhiteElo "2245"]
[BlackElo "2325"]
[PlyCount "90"]
[EventDate "1985.??.??"]
[EventType "swiss"]
[EventRounds "10"]
[EventCountry "DEN"]
[SourceDate "2004.01.01"]

1. d4 Nf6 2. c4 g6 3. Nc3 Bg7 4. e4 d6 5. Be2 O-O 6. Bg5 c5 7. d5 e6 8. Qd2
exd5 9. exd5 Re8 10. Nf3 Bg4 11. O-O Nbd7 12. Rfe1 Qb6 13. Rac1 a6 14. h3 Bxf3
15. Bxf3 Rxe1+ 16. Rxe1 Ne5 17. Be2 Qb4 18. a3 Qb3 19. Bf1 Nh5 20. Qe2 f5 21.
g4 fxg4 22. hxg4 Nf6 23. Bxf6 Bxf6 24. Ne4 Rf8 25. Kg2 Bh4 26. Rc1 Rf4 27. Rc3
Qb6 28. f3 Qc7 29. b4 b6 30. bxc5 bxc5 31. Rb3 Qe7 32. Qb2 Nxf3 33. Rb8+ Rf8
34. Rb7 Qe5 35. Qxe5 Nxe5 36. g5 Rf5 37. Nf6+ Kf8 38. Nxh7+ Ke8 39. Nf6+ Kd8
40. Ne4 Rf4 41. Nxd6 Be1 42. Kg1 Nf3+ 43. Kh1 Rg4 44. Nf7+ Ke8 45. Nd6+ Kd8
1/2-1/2

[Event "7. Copenhagen Open Politiken Cup"]
[Site "Copenhagen"]
[Date "1985.??.??"]
[Round "4"]
[White "Gausel, Einar"]
[Black "Welin, Thomas"]
[Result "1/2-1/2"]
[WhiteElo "2335"]
[BlackElo "2395"]
[PlyCount "119"]
[EventDate "1985.??.??"]
[EventType "swiss"]
[EventRounds "10"]
[EventCountry "DEN"]
[SourceDate "2004.01.01"]

1. d4 Nf6 2. Nc3 d5 3. Bg5 Nbd7 4. Nf3 c6 5. e3 g6 6. Bd3 Bg7 7. O-O O-O 8. e4
dxe4 9. Nxe4 Nxe4 10. Bxe4 Qb6 11. Rb1 Nf6 12. Bd3 Bg4 13. Re1 Rfe8 14. Be3 Nd5
15. c3 Nxe3 16. Rxe3 c5 17. dxc5 Qxc5 18. h3 Be6 19. a3 Bd5 20. Be4 Rad8 21.
Bxd5 Rxd5 22. Rd3 Red8 23. Rxd5 Rxd5 24. Qe2 Qd6 25. Re1 e6 26. Qc4 b5 27. Qb4
Qd7 28. Qb3 h6 29. Qc2 e5 30. Re2 f5 31. Rd2 Rxd2 32. Qxd2 Qxd2 33. Nxd2 Kf7
34. Kf1 Ke6 35. Ke2 Kd5 36. f3 h5 37. Kd3 Bh6 38. Nb3 a6 39. Ke2 Bf4 40. g4 Bg5
41. gxh5 gxh5 42. Kd3 Bd8 43. Nd2 a5 44. b3 a4 45. bxa4 bxa4 46. c4+ Kc5 47.
Nf1 e4+ 48. fxe4 fxe4+ 49. Kxe4 Kxc4 50. Ne3+ Kb3 51. Nd5 Ba5 52. Kd3 Kxa3 53.
Kc2 h4 54. Ne3 Kb4 55. Kb2 Bd8 56. Ka2 Bg5 57. Nf5 Bf6 58. Ne3 Bd4 59. Nf5 Bf2
60. Kb2 1/2-1/2

[Event "7. Copenhagen Open Politiken Cup"]
[Site "Copenhagen"]
[Date "1985.??.??"]
[Round "4"]
[White "Gruenberg, Rainer"]
[Black "Stelting, Thorsten"]
[Result "1/2-1/2"]
[WhiteElo "2265"]
[BlackElo "2245"]
[PlyCount "46"]
[EventDate "1985.??.??"]
[EventType "swiss"]
[EventRounds "10"]
[EventCountry "DEN"]
[SourceDate "2004.01.01"]

1. d4 d6 2. e4 g6 3. c4 Bg7 4. Nc3 e5 5. Nf3 exd4 6. Nxd4 Nc6 7. Nxc6 bxc6 8.
Be2 Ne7 9. O-O O-O 10. Be3 c5 11. Qd2 Rb8 12. Rad1 Nc6 13. b3 Nd4 14. Bd3 f5
15. Bg5 Bf6 16. Bxf6 Qxf6 17. Nd5 Qf7 18. exf5 Bxf5 19. Bxf5 Nxf5 20. Rde1 Rbe8
21. Rxe8 Rxe8 22. Re1 Rxe1+ 23. Qxe1 c6 1/2-1/2

[Event "7. Copenhagen Open Politiken Cup"]
[Site "Copenhagen"]
[Date "1985.??.??"]
[Round "4"]
[White "Hebden, Mark"]
[Black "Rasmussen, Karsten"]
[Result "1-0"]
[WhiteElo "2480"]
[BlackElo "2295"]
[PlyCount "101"]
[EventDate "1985.??.??"]
[EventType "swiss"]
[EventRounds "10"]
[EventCountry "DEN"]
[SourceDate "2004.01.01"]

1. e4 c6 2. d4 d5 3. exd5 cxd5 4. c4 Nf6 5. Nc3 e6 6. Nf3 Bb4 7. cxd5 exd5 8.
Ne5 Nc6 9. Bd3 O-O 10. O-O Re8 11. Nxc6 bxc6 12. Bg5 Bxc3 13. bxc3 Qd6 14. f3
c5 15. Qa4 cxd4 16. Bxf6 Bd7 17. Bxh7+ Kxh7 18. Qc2+ Kg8 19. Bxd4 Re6 20. Rfe1
a6 21. Rxe6 Qxe6 22. Qf2 Re8 23. Qg3 f6 24. h4 Qf5 25. Re1 Rxe1+ 26. Qxe1 Kf7
27. Qg3 Qb1+ 28. Kh2 Qxa2 29. Qd6 Bb5 30. h5 Qc4 31. h6 gxh6 32. Qxf6+ Ke8 33.
Qe6+ Kf8 34. Qxh6+ Ke7 35. f4 Qc6 36. Qg7+ Kd8 37. Qg8+ Kc7 38. f5 Qh6+ 39. Kg3
Qd6+ 40. Kf3 Bd3 41. f6 Be4+ 42. Ke3 Qa3 43. Qf7+ Kc6 44. Qe8+ Kc7 45. Kf4 Qc1+
46. Ke5 Qg5+ 47. Ke6 Bf5+ 48. Ke7 Kb7 49. Qd8 Bd3 50. Qb6+ Kc8 51. Kd6 1-0

[Event "7. Copenhagen Open Politiken Cup"]
[Site "Copenhagen"]
[Date "1985.??.??"]
[Round "4"]
[White "Hector, Jonny"]
[Black "Braga, Fernando"]
[Result "1/2-1/2"]
[WhiteElo "2295"]
[BlackElo "2390"]
[PlyCount "98"]
[EventDate "1985.??.??"]
[EventType "swiss"]
[EventRounds "10"]
[EventCountry "DEN"]
[SourceDate "2004.01.01"]

1. e4 e5 2. d4 exd4 3. c3 d5 4. exd5 Qxd5 5. cxd4 Nc6 6. Nf3 Bg4 7. Be2 Bxf3 8.
Bxf3 Qc4 9. Nc3 O-O-O 10. Bxc6 Qxc6 11. O-O Nf6 12. Be3 Nd5 13. Rc1 Kb8 14. Qb3
Qb6 15. Qc4 c6 16. Rfe1 Bd6 17. Ne4 Qc7 18. Nxd6 Qxd6 19. Bd2 Qd7 20. b4 Rhe8
21. Red1 Ka8 22. Qd3 h6 23. a4 a6 24. Ra1 Nc7 25. Bf4 Nd5 26. Bd2 Nc7 27. Be3
Qd5 28. Rdc1 Ne6 29. Rc4 f5 30. f3 c5 31. b5 cxd4 32. Bf2 a5 33. Rac1 b6 34.
Qd2 Kb7 35. Qc2 Rd7 36. Rc6 Nc5 37. Rd1 Qe5 38. Qd2 Red8 39. Rc1 Nb3 40. Re1
Qxh2+ 41. Kxh2 Nxd2 42. Ree6 f4 43. Rxb6+ Ka8 44. Ra6+ Kb8 45. Reb6+ Rb7 46.
Rd6 Rbd7 47. Rab6+ Ka8 48. Ra6+ Kb8 49. Rab6+ Ka8 1/2-1/2

[Event "7. Copenhagen Open Politiken Cup"]
[Site "Copenhagen"]
[Date "1985.??.??"]
[Round "4"]
[White "Heyken, Enno"]
[Black "Sorensen, Henrik"]
[Result "1/2-1/2"]
[WhiteElo "2350"]
[BlackElo "2235"]
[PlyCount "25"]
[EventDate "1985.??.??"]
[EventType "swiss"]
[EventRounds "10"]
[EventCountry "DEN"]
[SourceDate "2004.01.01"]

1. e4 c6 2. d4 d5 3. e5 Bf5 4. h4 h5 5. c4 e6 6. Nc3 dxc4 7. Bxc4 Ne7 8. Nge2
Qb6 9. Bb3 Nd7 10. O-O O-O-O 11. Bf4 Ng6 12. Qc1 Be7 13. Be3 1/2-1/2

[Event "7. Copenhagen Open Politiken Cup"]
[Site "Copenhagen"]
[Date "1985.??.??"]
[Round "4"]
[White "Hodgson, Julian M"]
[Black "Mokry, Karel"]
[Result "0-1"]
[WhiteElo "2455"]
[BlackElo "2490"]
[PlyCount "82"]
[EventDate "1985.??.??"]
[EventType "swiss"]
[EventRounds "10"]
[EventCountry "DEN"]
[SourceDate "2004.01.01"]

1. e4 c5 2. f4 g6 3. d4 cxd4 4. Qxd4 Nf6 5. e5 Nc6 6. Qd3 Ng8 7. Bd2 Bg7 8. Bc3
d6 9. Nf3 Nh6 10. Nbd2 O-O 11. O-O-O dxe5 12. Nxe5 Nxe5 13. fxe5 Qxd3 14. Bxd3
Ng4 15. Rde1 Nf2 16. Rhf1 Nxd3+ 17. cxd3 Be6 18. b3 Rac8 19. Kb2 Rc6 20. Nf3
Rfc8 21. Rc1 Bd5 22. Bd4 Rxc1 23. Rxc1 Rxc1 24. Kxc1 a6 25. Kd2 Kf8 26. Kc3 f6
27. exf6 exf6 28. Kb4 Kf7 29. Kc5 Bc6 30. Kb6 Bh6 31. Bf2 Bc1 32. a4 g5 33. h3
h5 34. Kc5 h4 35. Kc4 Bf4 36. Kc5 Bb8 37. Kc4 Bd6 38. Be1 Bg3 39. Bxg3 hxg3 40.
Ne1 f5 41. Kd4 f4 0-1

[Event "7. Copenhagen Open Politiken Cup"]
[Site "Copenhagen"]
[Date "1985.??.??"]
[Round "4"]
[White "Hoi, Carsten"]
[Black "Iskov, Gert"]
[Result "1/2-1/2"]
[WhiteElo "2380"]
[BlackElo "2325"]
[PlyCount "33"]
[EventDate "1985.??.??"]
[EventType "swiss"]
[EventRounds "10"]
[EventCountry "DEN"]
[SourceDate "2004.01.01"]

1. d4 Nf6 2. c4 e6 3. Nf3 b6 4. g3 Bb4+ 5. Bd2 Bxd2+ 6. Qxd2 Ba6 7. b3 c6 8.
Bg2 d5 9. O-O O-O 10. Ne5 Nfd7 11. Nxd7 Nxd7 12. Nc3 Rc8 13. cxd5 cxd5 14. Rfc1
Qe7 15. Rc2 Nf6 16. Rac1 Rc7 17. Nd1 1/2-1/2

[Event "7. Copenhagen Open Politiken Cup"]
[Site "Copenhagen"]
[Date "1985.??.??"]
[Round "4"]
[White "Kamaras, Peter"]
[Black "Setterqvist, Kurt"]
[Result "0-1"]
[WhiteElo "2330"]
[BlackElo "2280"]
[PlyCount "68"]
[EventDate "1985.??.??"]
[EventType "swiss"]
[EventRounds "10"]
[EventCountry "DEN"]
[SourceDate "2004.01.01"]

1. Nf3 Nf6 2. g3 b6 3. Bg2 Bb7 4. O-O e6 5. d3 d5 6. Nbd2 Be7 7. c4 O-O 8. b3
c5 9. Bb2 Nc6 10. Rc1 Rc8 11. Qc2 Rc7 12. Qb1 d4 13. a3 a5 14. e4 dxe3 15. fxe3
Rd7 16. d4 cxd4 17. exd4 Nxd4 18. Nxd4 Rxd4 19. Bxb7 Rxd2 20. Bc3 Rd3 21. Rfd1
Rxd1+ 22. Rxd1 Qc7 23. Bf3 Bxa3 24. Qc2 Be7 25. Kg2 h6 26. Rf1 a4 27. bxa4 Qxc4
28. Be2 Qc6+ 29. Bf3 Nd5 30. Bxd5 Qxd5+ 31. Kh3 Rc8 32. Qb2 Qh5+ 33. Kg2 Qd5+
34. Kh3 Qd3 0-1

[Event "7. Copenhagen Open Politiken Cup"]
[Site "Copenhagen"]
[Date "1985.??.??"]
[Round "4"]
[White "Karolyi, Tibor Jr"]
[Black "Agdestein, Espen"]
[Result "1/2-1/2"]
[WhiteElo "2445"]
[BlackElo "2305"]
[PlyCount "86"]
[EventDate "1985.??.??"]
[EventType "swiss"]
[EventRounds "10"]
[EventCountry "DEN"]
[SourceDate "2004.01.01"]

1. d4 d5 2. c4 Nc6 3. Bf4 dxc4 4. e3 e5 5. dxe5 Qxd1+ 6. Kxd1 Be6 7. Nd2 O-O-O
8. Kc1 Bb4 9. Ngf3 c3 10. Nb3 Nge7 11. Nbd4 Nxd4 12. Nxd4 Rxd4 13. exd4 Nd5 14.
Be3 cxb2+ 15. Kxb2 Bc3+ 16. Kb3 Bxa1 17. Bc4 Nxe3 18. fxe3 Bxc4+ 19. Kxc4 Bb2
20. Kb3 Bxd4 21. exd4 Kd7 22. Rf1 Ke7 23. Kc4 c6 24. Rf3 Rd8 25. Ra3 Rd7 26.
Kc3 b6 27. Ra6 Ke6 28. Kc4 Rc7 29. a4 c5 30. a5 cxd4+ 31. Kxd4 Rb7 32. g4 f6
33. exf6 Kxf6 34. h4 h5 35. gxh5 Kf5 36. axb6 axb6 37. Kd5 Kg4 38. Ra4+ Kxh5
39. Kc6 Re7 40. Kxb6 Rd7 41. Kc5 g6 42. Ra6 Rd1 43. Kc4 Rd2 1/2-1/2

[Event "7. Copenhagen Open Politiken Cup"]
[Site "Copenhagen"]
[Date "1985.??.??"]
[Round "4"]
[White "Peric, Slavisa"]
[Black "Andersson, Tor"]
[Result "1/2-1/2"]
[WhiteElo "2245"]
[BlackElo "2245"]
[PlyCount "95"]
[EventDate "1985.??.??"]
[EventType "swiss"]
[EventRounds "10"]
[EventCountry "DEN"]
[SourceDate "2004.01.01"]

1. d4 Nf6 2. c4 c5 3. d5 b5 4. cxb5 a6 5. e3 g6 6. Nc3 Bg7 7. a4 O-O 8. e4 Bb7
9. e5 Ne8 10. Bf4 d6 11. Nf3 Nd7 12. exd6 Nxd6 13. bxa6 Bxa6 14. Bxa6 Rxa6 15.
O-O Qb6 16. Qe2 Bf6 17. Rfb1 Rfa8 18. Ne5 Nxe5 19. Bxe5 Nf5 20. Bxf6 Qxf6 21.
Qc4 Qd4 22. Qe2 Qg7 23. h3 R6a7 24. Ra3 h5 25. b4 cxb4 26. Rxb4 Qh6 27. Qb2 Qg7
28. Rb8+ Kh7 29. Rxa8 Rxa8 30. a5 g5 31. Qc2 Qg6 32. a6 Nd6 33. Qb3 g4 34. hxg4
Qxg4 35. a7 h4 36. Ra4 Qg5 37. Qb1+ f5 38. Qb4 h3 39. g3 Qc1+ 40. Kh2 Qf1 41.
Qh4+ Kg6 42. Qxh3 Qxf2+ 43. Qg2 Qc5 44. Ne2 Rxa7 45. Nf4+ Kf7 46. Rxa7 Qxa7 47.
Qe2 Ke8 48. Kh3 1/2-1/2

[Event "7. Copenhagen Open Politiken Cup"]
[Site "Copenhagen"]
[Date "1985.??.??"]
[Round "4"]
[White "Plachetka, Jan"]
[Black "Van Mil, Johan"]
[Result "1-0"]
[WhiteElo "2440"]
[BlackElo "2345"]
[PlyCount "81"]
[EventDate "1985.??.??"]
[EventType "swiss"]
[EventRounds "10"]
[EventCountry "DEN"]
[SourceDate "2004.01.01"]

1. d4 Nf6 2. Nf3 g6 3. Bg5 Bg7 4. Nbd2 c5 5. e3 O-O 6. Bd3 b6 7. Qe2 Bb7 8. O-O
d6 9. c3 Nbd7 10. e4 h6 11. Bh4 Nh5 12. Ba6 Nf4 13. Qb5 Bxa6 14. Qxa6 cxd4 15.
cxd4 g5 16. Bg3 Qc8 17. Qa4 Ne2+ 18. Kh1 g4 19. Nh4 Nxd4 20. Qd1 Nc5 21. b4 Nd3
22. Nb3 Nb2 23. Qb1 Nc4 24. Nxd4 Bxd4 25. Nf5 Bf6 26. Qc1 Qe6 27. Qxh6 Qxe4 28.
Qh5 e6 29. Nh6+ Kg7 30. Rac1 d5 31. Nxg4 Rh8 32. Nxf6 Kxf6 33. Qd1 Kg7 34. Re1
Qf5 35. Qd4+ f6 36. Rc3 Rae8 37. Rf3 Qg6 38. Bh4 e5 39. Qxd5 Rxh4 40. Rg3 Rg4
41. Qd7+ 1-0

[Event "7. Copenhagen Open Politiken Cup"]
[Site "Copenhagen"]
[Date "1985.??.??"]
[Round "4"]
[White "Pliester, Leon"]
[Black "Nielsen, Jorgen G"]
[Result "1-0"]
[WhiteElo "2370"]
[BlackElo "2240"]
[PlyCount "69"]
[EventDate "1985.??.??"]
[EventType "swiss"]
[EventRounds "10"]
[EventCountry "DEN"]
[SourceDate "2004.01.01"]

1. c4 f5 2. e4 d6 3. exf5 Bxf5 4. d4 g6 5. g4 Be4 6. f3 Bxb1 7. Rxb1 e5 8. h4
Nc6 9. d5 Nd4 10. Be3 Be7 11. Bxd4 exd4 12. g5 Bf8 13. Qxd4 Qe7+ 14. Kd2 Bg7
15. Qg4 Qf7 16. Bh3 c6 17. Qe6+ Qxe6 18. Bxe6 Ne7 19. Ne2 Rf8 20. f4 h5 21. b4
Kd8 22. Rhf1 cxd5 23. cxd5 Nf5 24. Rfc1 Nd4 25. Nxd4 Bxd4 26. Rc4 Bb6 27. a4 a5
28. bxa5 Bxa5+ 29. Ke2 Rb8 30. f5 gxf5 31. g6 Ke7 32. g7 Rfe8 33. Rg1 Rg8 34.
Rf4 Bc3 35. Rxf5 1-0

[Event "7. Copenhagen Open Politiken Cup"]
[Site "Copenhagen"]
[Date "1985.??.??"]
[Round "4"]
[White "Steczkowski, Kazimierz"]
[Black "Vogel, Jaap"]
[Result "1/2-1/2"]
[WhiteElo "2390"]
[BlackElo "2280"]
[PlyCount "81"]
[EventDate "1985.??.??"]
[EventType "swiss"]
[EventRounds "10"]
[EventCountry "DEN"]
[SourceDate "2004.01.01"]

1. Nf3 Nf6 2. c4 b6 3. b3 Bb7 4. Bb2 e6 5. e3 d5 6. Be2 Be7 7. O-O O-O 8. cxd5
exd5 9. d4 Nbd7 10. Nc3 a6 11. Rc1 Bd6 12. Rc2 Re8 13. Qc1 Qe7 14. Nb1 Rac8 15.
Ba3 c5 16. Nc3 Ne4 17. Rd1 Ndf6 18. Na4 Nxf2 19. Kxf2 Ng4+ 20. Kg1 Nxe3 21. Bd3
c4 22. Bxd6 Qxd6 23. Re1 Nxc2 24. Bxc2 h6 25. Rxe8+ Rxe8 26. Kf2 Bc8 27. h3 Bd7
28. Nc3 b5 29. Ne2 b4 30. Ne5 Bb5 31. Ng3 Qf6+ 32. Kg1 Qg5 33. Qxg5 hxg5 34.
Kf2 f6 35. Ng4 Kf7 36. Ne3 Rd8 37. Ngf1 c3 38. Nh2 a5 39. Nf3 Ke6 40. Ne1 Ra8
41. Nd3 1/2-1/2

[Event "7. Copenhagen Open Politiken Cup"]
[Site "Copenhagen"]
[Date "1985.??.??"]
[Round "4"]
[White "Srensen, Torben"]
[Black "Hansen, Curt"]
[Result "1/2-1/2"]
[WhiteElo "2315"]
[BlackElo "2505"]
[PlyCount "106"]
[EventDate "1985.??.??"]
[EventType "swiss"]
[EventRounds "10"]
[EventCountry "DEN"]
[SourceDate "2004.01.01"]

1. e4 c5 2. Nf3 d6 3. d4 cxd4 4. Nxd4 Nf6 5. Nc3 Nc6 6. Bg5 e6 7. Qd2 Be7 8.
O-O-O O-O 9. f4 h6 10. Bh4 e5 11. Nf5 Bxf5 12. exf5 exf4 13. Kb1 d5 14. Bxf6
Bxf6 15. Nxd5 Be5 16. Bc4 Qd6 17. Rhe1 Rfe8 18. g3 fxg3 19. hxg3 Nd4 20. Qd3 b5
21. Bb3 a5 22. a3 Nxb3 23. cxb3 Rab8 24. Re3 f6 25. Qe2 Qc6 26. Qd2 Rbc8 27.
Rd3 Kh7 28. g4 Qc5 29. Rh1 Rcd8 30. Rd1 Rd6 31. b4 axb4 32. Nxb4 Red8 33. Qc2
Rxd3 34. Nxd3 Qd5 35. Nf2 Qa8 36. Rxd8 Qxd8 37. Qe4 Bxb2 38. Kxb2 Qd2+ 39. Qc2
Qd4+ 40. Ka2 Qd5+ 41. Kb1 Qf3 42. Kb2 Qe3 43. Ka2 Kh8 44. Qb2 Kh7 45. Qc2 Kh8
46. Qb2 Kh7 47. Nd1 Qd3 48. Nc3 Qc4+ 49. Qb3 Qxg4 50. Qxb5 h5 51. Qd3 h4 52.
Qe4 Qg3 53. Ne2 Qf2 1/2-1/2